01795 a2200193 450000100040000000500170000400800410002100300150006204000400007708000350011724500550015202000220020725000110022926400300024030000260027050512630029610000190155970000230157810420260407155410.0260407a2007 arg spa dAR-UNSa-BCEJYS aAR-UNSa-BCEJYSbspacAR-UNSa-BCEJYS a657.47xContabilidad de Costos10aAdministración de costospcontabilidad y control a978-970-686-583-0 a5a. ed 1aMéxico :bThomsonc2007 axxiii, 1006 p.c27 cm a1. Introducción a la administración de costos - 2. Conceptos básicos de adminstración - 3. Comportamiento de los costos - 4. Costeo basado en actividad - 5. Costeo de productos y sevicios: sistema de órdenes de trabajo - 6. Costeo de productos y servicios:un enfoque de sistemas por procesos - 7. Distribución de costos de los departamentos de apoyo a los productos conjuntos - 8. Preparación de presupuestos para la planeación y el control - 9. Costos estándar:un enfoque de control basado en las funciones - 10.Descentraliazción: Contailidad por áreas de responsabilidad, evaluación del desempeño y precios de transferencia - 11. Administración estrayégica de costos - 12. Administración basada en actividades - 13. El balanced scorecard:control basado en en estrtegias - 14. Administración de costos de la calidad 15. Mediación y control de la productividad - 16. Costos ambientales:medición y control - 17. Análisis costo-volumen-utilidad - 18. Modelodel usode recursos en las actividades y toma de decisiones tácticas - 19. Fijación de precios y análisis de rentabilidad - 20. Inversión de capital - 21. Administración del inventario: cantidad económica de ordenar, JIT y teoría de restriciones 1 aHansen, Don R.1 aMowen, Maryanne M.